Islamic mysticism / (Record no. 55338)

MARC details
000 -LEADER
fixed length control field 00741nam a2200217 a 4500
005 - DATE AND TIME OF LATEST TRANSACTION
control field 2011081206536.0
020 ## - INTERNATIONAL STANDARD BOOK NUMBER
International Standard Book Number 8173051445
082 ## - DEWEY DECIMAL CLASSIFICATION NUMBER
Classification number 270
100 1# - MAIN ENTRY--PERSONAL NAME
Personal name Nicholson,R.A.
245 14 - TITLE STATEMENT
Title Islamic mysticism /
Statement of responsibility, etc by R. A.Nicholson
260 ## - PUBLICATION, DISTRIBUTION, ETC. (IMPRINT)
Place of publication, distribution, etc Delhi :
Name of publisher, distributor, etc Aryan Book International,
Date of publication, distribution, etc 2002.
270 ## - ADDRESS
Address 4378/4B, Pooja Apartment, Ansari Road Darya Ganj
City New Delhi
State or province 110002
300 ## - PHYSICAL DESCRIPTION
Extent xii, 282 p. ;
Dimensions 22 cm. (Hb)
440 ## - SERIES STATEMENT/ADDED ENTRY--TITLE
Title The masterpiece library of Islam:
9 (RLIN) 32710
490 ## - SERIES STATEMENT
Series statement The masterpiece library of Islam
Volume number/sequential designation 8
-- 32761
500 ## - GENERAL NOTE
General note Includes bibliographical references and index
650 #0 - SUBJECT ADDED ENTRY--TOPICAL TERM
Topical term or geographic name as entry element Sufism.
650 #0 - SUBJECT ADDED ENTRY--TOPICAL TERM
Topical term or geographic name as entry element Sufi poetry
General subdivision History and criticism.
942 ## - ADDED ENTRY ELEMENTS (KOHA)
Source of classification or shelving scheme Dewey Decimal Classification
Item type English Books
Classification part 270
Call number suffix NIC

No items available.


© Delhi Public Library
Hit Counter
free hit counter